000 00818nam a22002297a 4500
005 20251216145517.0
010 _aENG-147309
020 _a9788198436900
_c499.00
035 _aEN-130841
037 _bDBAD
082 _a371.2
_21
100 _aSrivastava, Swati
_986111
245 _aInternational Seminaron Integrating Indian Knowledge System with Modern Education/
_cSwati Srivastava; Divya Sharma [and] Roli Tiwari
250 _a1
260 _aChhattisgrah
_bAditi Publication
_c2025
270 _aAditi Publication Opp.New Panchajanya Vidya Mandir, Near Tiranga Chowk, Kushalpur,Raipur, Chhattisgrah,INDIA
_bRaipur
_k+91 9425210308
300 _a248p.
_c20(pb)
700 _aSharma, Divya
_986112
700 _aTiwari, Roli
_986113
760 _b1
942 _2ddc
_cEN
_h371.2
_mINT
_e1
999 _c213943
_d213943